1655 1284 1335 1152 1508 1337 1473 1766 1859 1841 1784 1031 1548 1594 1908 1331 1078 1471 1393 1732 1658 1929 1045 1547 1217 1747 1777 1816 1474 1542 1838 1945 1488 1330 1039 1783 1129 1829 1405 1080 1763 1623 1605 1864 1849 1462 1278 1602 1823 1648 1994 1560 1141 1299 1765 1168 1206 1066 1230 1891 1335 1765 1759 1379 1299 1444 1457 1415 1393 1143 1093 1685 1103 1110 1682 1411 1353 1629 1543 1694 1034 1133 1142 1089 1263 1694 1545 1657 1131 1982 1769 1829 1570 1234 1466 1954 1067 1993 1637 BCNSPRNW ULIB Ver.6.0+V

เปลี่ยนเป็นภาษาไทย

Change to English
 แสดงรายละเอียดบรรณานุกรม
  กลับหน้าหลัก

Brief Record : Get Marc (ISO 2709) : E-mail record : QR code < ปิดหน้าต่าง
LEADER : 00000nam 2200000uu 4500
001    13399125899
003     ULIB
008    170925s2559||||th 000 0 tha d
020    ^a9786164235915
050  0 ^aH62^bบ435ร
100 0  ^aบุญเลี้ยง ทุมทอง.
245 10 ^aระเบียบวิธีวิจัยทางหลักสูตรและการสอน = Research methodology in curriculum and instruction / ^cบุญเลี้ยง ทุมทอง.
250    ^aพิมพ์ครั้งที่ 2
260    ^aกรุงเทพฯ : ^bทริปเพิ้ล เอ็ดดูเคชั่น, ^c2559.
300    ^aก-ญ, 346 หน้า ; ^c26 ซม.
504    ^aบรรณานุกรม: หน้า 328-337.
650  4 ^aการศึกษา^xวิจัย.
650  4 ^aการศึกษา^xหลักสูตร^xวิจัย.
650  4 ^aการศึกษา^xหลักสูตร.
945    ^p0^l0^i003356
999    ^aประนอม เกษจรัล
รายการนี้ยังไม่มีแท็ก
คุณยังไม่ได้ล็อกอิน คุณสามารถมีกิจกรรมร่วมกับเว็บไซต์ได้ แต่ต้องล็อกอินก่อน ::
  ล็อกอิน

รายการสื่อสารสนเทศ

ลำดับที่ ประเภท เลขเรียก/บาร์โค้ด สถานที่ สถานะ
1. วิทยาศาสตร์การแพทย์ และสุขภาพ
หนังสือสำรอง
สถานะ=หนังสือสำรอง
H62 บ435ร ฉ.1 
  Barcode: 003356
ห้องสมุดวิทยาเขตนครสวรรค์
►นวนิยาย:l:Fiction
บนชั้น

รายการใกล้เคียง
    ผู้แต่ง [บุญเลี้ยง ทุมทอง.]

BibComment


ยังไม่เคยถูกคอมเมนท์

คอมเมนท์ทรัพยากรรายการนี้
  คอมเมนท์: ระเบียบวิธีวิจัย..


 Copyright 2026. Bcnsprnw @Library